| 000 | 01218cad a22002295a 4500 | ||
|---|---|---|---|
| 001 | E152874 | ||
| 008 | 110510s2011 xxk f 000 0 eng d | ||
| 035 | _a(Sirsi) u152874 | ||
| 041 | 0 | _aeng | |
| 100 | 1 | _aBaker, Paul | |
| 245 | 0 | 0 |
_aU-values and traditional buildings _bin situ measurements and their comparisons to calculated values _h[electronic resource] |
| 260 |
_aEdinburgh _bHistoric Scotland _c2011 |
||
| 490 | 0 |
_aHistoric Scotland Technical Paper _v(10) |
|
| 520 | _aPresents the results of a thermal performance study of traditional building elements, using U-values as an indicator of thermal performance. Measurements were taken in situ, and then compared to computer-generated U-value calculations. Found that such calculations ofted under estimate the thermal performance of traditional building elements. | ||
| 590 | _aKA | ||
| 651 | 4 |
_aScotland _y1999- |
|
| 690 | _aENVIRONMENTAL AND LAND CONSULTANCY-ENERGY-ENERGY USE-ENERGY EFFICIENCY | ||
| 710 | 1 |
_aHistoric Scotland _92914 |
|
| 710 | 1 | _aGlasgow Caledonian University | |
| 856 | 4 | 0 |
_uhttps://www.historic-scotland.gov.uk/publicationsresultsdetail.htm?id=4dc88ecc7 _zView the report free of charge at www.historic-scotland.gov.uk |
| 942 | _n0 | ||
| 999 |
_c112241 _d112241 |
||